000 00547nam a2200193Ia 4500
001 12326
003 GE_BSU
008 181216s||||||||xx |||||||||||||| ||und||
040 _cGE_BSU
080 _a581.1(072)
245 _aФизиология растении в помощь селекции
245 _cРед.Н.Г.Кузнецова
260 _aМосква
260 _bНаука
260 _c1974
300 _a298стр.21см.
653 _aФизиология растении в помощь селекции
942 _cBK
999 _c45501
_d45501